| 000 | 00492nam a22001697a 4500 | ||
|---|---|---|---|
| 999 |
_c4474 _d4474 |
||
| 003 | GBCCL | ||
| 005 | 20241126110519.0 | ||
| 008 | 180122b xxu||||| |||| 00| 0 eng d | ||
| 040 | _cgbc | ||
| 082 |
_a226.6007 _bVAN |
||
| 100 |
_aVan Dooren, L. A. T. _98345 |
||
| 245 |
_aPentecost: _bDay of God's Power / _cL. A. T. Van Dooren |
||
| 260 |
_aEngland: _bThe Latimer Publishing Co., _c1979 |
||
| 300 |
_a176 p.; _c22 cm. |
||
| 650 |
_aBible _vNew Testament _vActs _xStudy _98125 |
||
| 942 |
_2ddc _cBK _03 |
||